LEADER 01164nam a2200265 4500 001 000000360136 003 CaOOAMICUS 005 20241014093643.0 008 241004s1996 it 000 u ita r 020 $a88-348-6167-1 040 $aSeMil$bita 100 1 $aBobbio, Norberto,$d<1909-2004>.$0(OLS)http://semarc/name/1206 245 13$aIl positivismo giuridico :$blezioni di filosofia del diritto /$cNorberto Bobbio ; raccolte dal dott. Nello Morra. 264 1$aTorino :$bGiappichelli,$c1996. 300 $aX, 258 p. ;$c23 cm 490 1 $aRecta ratio. 3. ser ;$v2 650 4$aPositivismo giuridico.$0(OLS)http://semarc/subject/11769 830 0$aRecta ratio. 3. serie ;$v2.$0(OLS)http://semarc/title/10450 850 $aSeMil 852 $aSeMil$W1$xVenegono$y1$m3L IV 72$j251593$B251167$CSeMilBibl$Z2$F251167 $81 961 $aBuzzi mons. Franco - Omaggio 996 $6020$a88-348-6167-1$9(OLS)http://semarc/number/301422 996 $6245$aIl positivismo giuridico :$blezioni di filosofia del diritto$9(OLS)http://semarc/title/450595 996 $6264$aTorino :$bGiappichelli$9(OLS)http://semarc/publisher/31793 LEADER 00630nab a2200157 i 4500 001 000000319255 003 CaOOAMICUS 005 20180831173303.0 008 180831n it uu u0 0ita r 013 $a28937 040 $aSeMil$bita 245 10$aEpiscopato e primato nella Chiesa :$bCarlo Colombo e una questione ancora attuale. 650 4$aPapato e Chiesa.$0(OLS)http://semarc/subject/9724 650 4$aEpiscopato e primato.$0(OLS)http://semarc/subject/9605 773 0 $tCarlo Colombo.$gp.605-628$w()276887 996 $6245$aEpiscopato e primato nella Chiesa :$bCarlo Colombo e una questione ancora attuale.$9(OLS)http://semarc/title/393036